LEADER 01826nam0 22003253i 450 001 VAN00260085 005 20240806101500.510 010 $a979-12-211-0323-6 017 70$2N$a9791221153293 100 $a20230621d2023 |0itac50 ba 101 $aita 102 $aIT 105 $a|||| ||||| 200 1 $aˆIl ‰legislatore penale di fronte all'emergenza sanitaria$eprincipi penalistici alla prova del COVID-19$fAngela Della Bella 210 $aTorino$cGiappichelli$d2023 215 $aXX, 260 p.$d23 cm 410 1$1001VAN00002000$12001 $aItinerari di diritto penale. Sezione Monografie$1210 $aTorino$cGiappichelli$v115 500 1$3VAN00260084$aˆIl ‰legislatore penale di fronte all'emergenza sanitaria$93378496 606 $aDiritto penale$3VANC030080$2SG 620 $dTorino$3VANL000001 700 1$aDella Bella$bAngela$3VANV085756$0524371 712 $aGiappichelli $3VANV107921$4650 801 $aIT$bSOL$c20260320$gRICA 856 4 $uhttps://biblioteca.giappichelli.it/biblioteche/biblioteca-giuridica-unicampania/index.html$zVolume disponibile sulla ?Biblioteca Digitale Giappichelli? ll servizio è erogato mediante autenticazione range IP o Proxy, e vincolato al dominio @unicampania.it. E' possibile avere in prestito la copia digitale per 5 giorni, attraverso la generazione di un codice OTP che verrà inviato alla mail, non è consentita la copia, la stampa o la condivisione delle pagine dei libri. 899 $aBIBLIOTECA DEL DIPARTIMENTO DI GIURISPRUDENZA$1IT-CE0105$2VAN00 912 $fN 912 $aVAN00260085 950 $aBIBLIOTECA DEL DIPARTIMENTO DI GIURISPRUDENZA$d00PREST E-BOOK SBA GIUR $e00EBG260085 20230621 996 $aLegislatore penale di fronte all'emergenza sanitaria$93378496 997 $aUNICAMPANIA